MAASAI MARA UNIVERSITY

LIBRARY CATALOGUE

Contact Us: +254 020 2685356/7 or 0774 057787

Box: 861-20500, NAROK, KENYA

Email: info@mmarau.ac.ke

Exploring language / (Record no. 23705)

MARC details
000 -LEADER
fixed length control field 00895nam a22002777a 4500
001 - CONTROL NUMBER
control field 1595988
003 - CONTROL NUMBER IDENTIFIER
control field OSt
005 - DATE AND TIME OF LATEST TRANSACTION
control field 20170518103008.0
008 - FIXED-LENGTH DATA ELEMENTS--GENERAL INFORMATION
fixed length control field 170228b xxu||||| |||| 00| 0 eng d
010 ## - LIBRARY OF CONGRESS CONTROL NUMBER
LC control number 94011164
020 ## - INTERNATIONAL STANDARD BOOK NUMBER
International Standard Book Number 0673523497
040 ## - CATALOGING SOURCE
Original cataloging agency MMU
Transcribing agency MMU
Modifying agency MMU
Language of cataloging eng.
050 00 - LIBRARY OF CONGRESS CALL NUMBER
Classification number PE1417
Item number .E96 1995
082 00 - DEWEY DECIMAL CLASSIFICATION NUMBER
Classification number 808/.0427
Edition number 20
245 00 - TITLE STATEMENT
Title Exploring language /
Statement of responsibility, etc. edited by Gary Goshgarian.
250 ## - EDITION STATEMENT
Edition statement 7th ed.
260 ## - PUBLICATION, DISTRIBUTION, ETC. (IMPRINT)
Place of publication, distribution, etc. New York :
Name of publisher, distributor, etc. HarperCollins College Publishers,
Date of publication, distribution, etc. c1995.
300 ## - PHYSICAL DESCRIPTION
Extent xxxiii, 558 p. :
Other physical details ill. ;
Dimensions 23 cm.
650 #0 - SUBJECT ADDED ENTRY--TOPICAL TERM
Topical term or geographic name as entry element College readers.
650 #0 - SUBJECT ADDED ENTRY--TOPICAL TERM
Topical term or geographic name as entry element English language
General subdivision Rhetoric.
650 #0 - SUBJECT ADDED ENTRY--TOPICAL TERM
Topical term or geographic name as entry element English language.
9 (RLIN) 470
700 1# - ADDED ENTRY--PERSONAL NAME
Personal name Goshgarian, Gary.
906 ## - LOCAL DATA ELEMENT F, LDF (RLIN)
a 7
b cbc
c orignew
d 1
e ocip
f 19
g y-gencatlg
942 ## - ADDED ENTRY ELEMENTS (KOHA)
Source of classification or shelving scheme Library of Congress Classification
Koha item type L

No items available.

© 2016 Maasai Mara University.